000 01246nam a22003377a 4500
003 CHAP
005 20220329143731.0
008 110429s1977 mx a r 00010 spa d
010 _a101094
011 _a102066
035 _a112754
040 _cCHAP
082 0 0 _a631.587
_bSa73
110 0 _aMéxico.
_bSecretaría de Agricultura y Recursos Hidráulicos
_976864
245 1 0 _aManual de métodos de aforos aplicados en las unidades de riego
_c/por Secretaría de Agricultura y Recursos Hidráulicos
260 _aMorelia, Mich. :
_bSARH,
_c1977
300 _a144 p. :
_bilus., cuadros, gráfs.
590 _aBATCH-UPD
_b10
_c20130110
_lUCH01
_h1205
590 _aBATCH-UPD
_b10
_c20130410
_lUCH01
_h0746
590 _aBATCH-UPD
_b10
_c20130914
_lUCH01
_h1210
590 _aBATCH-UPD
_b10
_c20141001
_lUCH01
_h1313
590 _aCONVERSION
_b10
_c20130109
_lUCH01
_h1356
650 1 4 _aAgua
_xDistribucion.
_92366
650 1 4 _aAgua
_xUtilización.
_92401
650 1 4 _aDistritos de riego
_xMichoacán.
_932977
650 1 4 _aIrrigación
_xMichoacán.
_960430
710 2 _aJefatura de Unidades de Riego para el Desarrollo Rural
_961276
901 _aBK
942 _cLIBRO
949 _a631.58 Sa73
_bBC
_cLIBRO
_d33724002254157
_eLIBRO
_h114820
_i112754
_si
999 _c101094
_d101094